Vzdušné síly Armády České republiky ročenka ...

Bibliographic Details
Format: Serial
Language:Czech
PhysicalDescription:zv. 30 cm
Published: [Bratislava] Magnet Press Slovakia 2010-
ISBN:9788089169337 (brož. : 2015)
9788089169351 (brož. : 2016)
9788089169412 (brož. : 2017)
9788089169597 (brož. : 2018)
9788089169665 (brož. : 2019)
9788089169726 (brož. : 2020)
9788089169771 (brož. : 2021)
9788089169849 (brož. : 2022)
9788089169917 (brož. : 2023)
9788089169955 (brož. : 2024)
Subjects:

MARC

LEADER 00000cas a2200000 a 4500
001 vtls010872779
003 SK-MaSNL
005 20260228164245.0
008 160430c20109999xo ar 0 b0cze
015 |a SNBB2016-(r. 2015, r. 2016)  |a SNBB2017-(r. 2017)  |a SNBB2018-(r. 2018)  |a SNBB2019-(r. 2019)  |a SNBB2021-(r. 2020, r. 2021)  |a SNBB2023-(r. 2022)  |a SNBB2024-(r. 2023)  |a SNBB2025-(r. 2024) 
020 |a 9788089169337 (brož. : 2015) 
020 |a 9788089169351 (brož. : 2016) 
020 |a 9788089169412 (brož. : 2017) 
020 |a 9788089169597 (brož. : 2018) 
020 |a 9788089169665 (brož. : 2019) 
020 |a 9788089169726 (brož. : 2020) 
020 |a 9788089169771 (brož. : 2021) 
020 |a 9788089169849 (brož. : 2022) 
020 |a 9788089169917 (brož. : 2023) 
020 |a 9788089169955 (brož. : 2024) 
040 |a SVKBB  |b slo  |c SVKBB  |d SNK  |e AACR2 
041 0 |a cze  |b eng 
043 |a e-xr--- 
044 |a xo  |c SK 
072 7 |a 358  |x Vojenské letectvo. Delostrelectvo. Ženijné jednotky. Technické služby armády. Chemické vojsko  |2 konspekt 
072 7 |a 623  |x Vojenská technika  |2 konspekt 
080 |a 358.4  |2 2011 
080 |a 623.7  |2 2011 
080 |a (058)  |2 2011 
080 |a 050  |2 2011 
080 |a (437.3)  |2 2011 
245 0 0 |a Vzdušné síly Armády České republiky  |b ročenka ... 
246 1 1 |a Czech Air Force Yearbook ... 
246 1 3 |a Vzdušné síly AČR 
246 1 |a Vzdušné síly AČR - ročenka ... 
246 1 7 |a Special L+K 
260 |a [Bratislava]  |b Magnet Press Slovakia  |c 2010- 
300 |a zv.  |c 30 cm 
310 |a 1x ročne 
362 0 |a 2010- 
500 |a Ročenku vydáva Magnet Press Slovakia v spolupráci s redakciou časopisu L+K 
500 |a Miesto vydania uvedené podľa Národnej agentúry ISBN SR 
500 |a Popis podľa: R. 2015 
500 |a Súčasťou názvových údajov je označenie bežného roku 
500 |a Názov z obalu 
546 |a Resumé angl. 
610 1 7 |a Česko.  |b Armáda.  |b Vzdušné síly  |2 SNKKA  |9 275597 
650 0 7 |a vojenské letectvo  |2 SNKPH  |9 69447 
650 0 7 |a Air forces  |2 SNKPHeng  |9 274433 
655 7 |a ročenky  |2 SNKPH  |9 57146 
655 7 |a Yearbooks  |2 SNKPHeng  |9 120938 
775 0 |t Vzdušné sily Ozbrojených síl Slovenskej republiky  |e slo  |w vtls010620935 
852 |a Štátna vedecká knižnica v Banskej Bystrici 
910 |a snk 
919 |a 978-80-89169-33-7 
919 |a 978-80-89169-35-1 
919 |a 978-80-89169-41-2 
919 |a 978-80-89169-59-7 
919 |a 978-80-89169-66-5 
919 |a 978-80-89169-72-6 
919 |a 978-80-89169-77-1 
919 |a 978-80-89169-84-9 
919 |a 978-80-89169-91-7 
919 |a 978-80-89169-95-5 
999 |c 12926  |d 14856 
952 |0 0  |1 0  |4 0  |7 0  |8 0  |a SNK  |b SNK  |d 2021-05-11  |i snk2021/4141  |l 0  |o snkČSB 6115/2020  |p 17A1433543  |r 2026-02-21 19:29:45  |w 2026-02-21  |y PREZ 
952 |0 0  |1 0  |4 0  |7 0  |8 0  |a SNK  |b SNK  |d 2021-05-11  |i snk2021/4143  |l 0  |o snkČSB 6115/2020 D1  |p 17A1433544  |r 2026-02-21 19:29:45  |w 2026-02-21  |y PREZ 
952 |0 0  |1 0  |4 0  |7 0  |8 0  |a SNK  |b SNK  |d 2024-02-28  |i snk2024/3435  |l 0  |o snkČSB 6115/2023  |p 17A1522283  |r 2026-02-21 19:59:57  |w 2026-02-21  |y PREZ 
952 |0 0  |1 0  |4 0  |7 0  |8 0  |a SNK  |b SNK  |d 2024-02-28  |i snk2024/3436  |l 0  |o snkČSB 6115/2023 D1  |p 17A1522284  |r 2026-02-21 19:59:58  |w 2026-02-21  |y PREZ 
952 |0 0  |1 0  |4 0  |7 0  |8 0  |a SNK  |b SNK  |d 2025-04-03  |i snk2025/5808  |l 0  |o snkČSB 6115/2024  |p 17A1520491  |r 2026-02-21 21:21:59  |w 2026-02-21  |y PREZ 
952 |0 0  |1 0  |4 0  |7 0  |8 0  |a SNK  |b SNK  |d 2025-04-03  |i snk2025/5809  |l 0  |o snkČSB 6115/2024 D1  |p 17A1520492  |r 2026-02-21 21:21:59  |w 2026-02-21  |y PREZ 
952 |0 0  |1 0  |4 0  |7 0  |8 0  |a SNK  |b SNK  |d 2021-11-12  |i snk2021/18068  |l 0  |o snkČSB 6115/2021  |p 17A1460965  |r 2026-02-21 21:29:30  |w 2026-02-21  |y PREZ 
952 |0 0  |1 0  |4 0  |7 0  |8 0  |a SNK  |b SNK  |d 2021-11-12  |i snk2021/18069  |l 0  |o snkČSB 6115/2021 D1  |p 17A1460966  |r 2026-02-21 21:29:30  |w 2026-02-21  |y PREZ 
952 |0 0  |1 0  |4 0  |7 0  |8 0  |a SNK  |b SNK  |d 2023-05-12  |i snk2023/7530  |l 0  |o snkČSB 6115/2022  |p 17A1466019  |r 2026-02-21 21:39:30  |w 2026-02-21  |y PREZ 
952 |0 0  |1 0  |4 0  |7 0  |8 0  |a SNK  |b SNK  |d 2023-05-12  |i snk2023/7532  |l 0  |o snkČSB 6115/2022 D1  |p 17A1466020  |r 2026-02-21 21:39:31  |w 2026-02-21  |y PREZ 
952 |0 0  |1 0  |4 0  |7 0  |8 0  |a SNK  |b SNK  |d 2018-10-08  |i snk2018/20245  |l 0  |o snkČSB 6115/2018  |p 17A1328364  |r 2026-02-21 21:50:17  |w 2026-02-21  |y PREZ 
952 |0 0  |1 0  |4 0  |7 0  |8 0  |a SNK  |b SNK  |d 2018-10-08  |i snk2018/20246  |l 0  |o snkČSB 6115/2018 D1  |p 17A1328365  |r 2026-02-21 21:50:17  |w 2026-02-21  |y PREZ 
952 |0 0  |1 0  |4 0  |7 0  |8 0  |a SNK  |b SNK  |d 2019-09-27  |i snk2019/24233  |l 0  |o snkČSB 6115/2019  |p 17A1382539  |r 2026-02-21 21:52:39  |w 2026-02-21  |y PREZ 
952 |0 0  |1 0  |4 0  |7 0  |8 0  |a SNK  |b SNK  |d 2019-09-27  |i snk2019/24245  |l 0  |o snkČSB 6115/2019 D1  |p 17A1382540  |r 2026-02-21 21:52:39  |w 2026-02-21  |y PREZ 
952 |0 0  |1 0  |4 0  |7 0  |8 0  |a SNK  |b SNK  |d 2017-10-23  |i snk2017/23246  |l 0  |o snkČSB 6115/2017  |p 17A1264322  |r 2026-02-21 22:04:50  |w 2026-02-21  |y PREZ 
952 |0 0  |1 0  |4 0  |7 0  |8 0  |a SNK  |b SNK  |d 2017-10-23  |i snk2017/23247  |l 0  |o snkČSB 6115/2017 D1  |p 17A1264323  |r 2026-02-21 22:04:50  |w 2026-02-21  |y PREZ 
952 |0 0  |1 0  |4 0  |7 0  |8 0  |a SNK  |b SNK  |d 2016-04-20  |i snk2016/10140  |l 0  |o snkČSB 6115/2015  |p 17A1098793  |r 2026-02-21 22:16:25  |w 2026-02-21  |y PREZ 
952 |0 0  |1 0  |4 0  |7 0  |8 0  |a SNK  |b SNK  |d 2016-04-20  |i snk2016/10141  |l 0  |o snkČSB 6115/2015 D1  |p 17A1098795  |r 2026-02-21 22:16:25  |w 2026-02-21  |y PREZ 
952 |0 0  |1 0  |4 0  |7 0  |8 0  |a SNK  |b SNK  |d 2016-10-27  |i snk2016/25465  |l 0  |o snkČSB 6115/2016  |p 17A1203361  |r 2026-02-21 22:17:09  |w 2026-02-21  |y PREZ 
952 |0 0  |1 0  |4 0  |7 0  |8 0  |a SNK  |b SNK  |d 2016-10-27  |i snk2016/25466  |l 0  |o snkČSB 6115/2016 D1  |p 17A1203362  |r 2026-02-21 22:17:09  |w 2026-02-21  |y PREZ